00939nam a22001937a 4500003000400000005001700004008004100021037001500062040004000077041001300117082001800130110005800148245008000206260005900286300004100345505033000386942001200716999001700728OSt20260114212018.0260114b |||||||| |||| 00| 0 eng d bDonación aCO-JMCRbspacCO-JMCRdCO-JMCRerda aspahspa04a348.861bM61L12aColombiabMinisterio de Justicia y del Derecho9136310 aLey de víctimas y restitución de tierras y sus Decretos reglamentarios  aPrimera ediciónbImprenta Nacional de Colombiac2012 a243 páginasbFotografíasc23 cm. aLey 1448 de 2011 -- Título I. Disposiciones generales -- Título II. Derechos de las victimas dentor de ls procesos judiciales -- Título III. Ayuda humanitaria atención y asistencia -- Título IV. Repración de la victimas -- Título VI. De la institucionalidad para la atención y reparación de las victimas --  2ddccBK c31133d17517